[Event "chess.com Junior Speed"]
[Site "chess.com INT"]
[Date "2019.06.11"]
[Round "1.6"]
[White "Esipenko, Andrey"]
[Black "Sarana, Alexey"]
[Result "0-1"]
[WhiteTitle "GM"]
[BlackTitle "GM"]
[WhiteElo "2620"]
[BlackElo "2636"]
[WhiteFideId "24175439"]
[BlackFideId "24133795"]
[EventDate "2019.05.16"]

1. e4 c5 2. Nf3 d6 3. Bb5+ Nd7 4. O-O a6 5. Bd3 Ngf6 6. Re1 e6 7. a4 Qc7 8. a5
Be7 9. c3 O-O 10. Bc2 c4 11. Qe2 b5 12. axb6 Nxb6 13. d4 cxd3 14. Bxd3 Bb7 15.
Bg5 Nbd7 16. Nbd2 Nc5 17. Bc2 a5 18. e5 dxe5 19. Nxe5 Ncd7 20. Nxd7 Qxd7 21. Nf3
Qc6 22. Bd3 Rfb8 23. Bf4 Rd8 24. Bb5 Qc5 25. c4 Qb6 26. Be3 Bc5 27. Bxc5 Qxc5
28. Qe5 Qb4 29. Ra4 Qb3 30. Ra3 Qb4 31. h3 Bxf3 32. Rxf3 Rd2 33. b3 Rad8 34.
Ree3 Qe7 35. Ba4 Qa7 36. Rg3 Qd4 37. Qxd4 R2xd4 38. Re5 Ne4 39. Re3 Rd1+ 40. Kh2
Nxf2 41. Rxa5 h6 42. Kg3 Nh1+ 43. Kh2 Nf2 44. Kg3 R1d2 45. Ra7 Rb2 46. Rf3 Ne4+
47. Kf4 Nc5 48. Kg3 Rdd2 49. Rfxf7 Rxg2+ 50. Kh4 Rbd2 51. Rfd7 Nxd7 52. Rxd7
Rxd7 53. Bxd7 Kf7 54. b4 Rc2 0-1

[Event "chess.com Junior Speed"]
[Site "chess.com INT"]
[Date "2019.06.11"]
[Round "1.7"]
[White "Sarana, Alexey"]
[Black "Esipenko, Andrey"]
[Result "0-1"]
[WhiteTitle "GM"]
[BlackTitle "GM"]
[WhiteElo "2636"]
[BlackElo "2620"]
[WhiteFideId "24133795"]
[BlackFideId "24175439"]
[EventDate "2019.05.16"]

1. d4 Nf6 2. Nf3 d5 3. c4 e6 4. Nc3 Be7 5. Bg5 h6 6. Bxf6 Bxf6 7. e4 dxe4 8.
Nxe4 Nc6 9. Nxf6+ Qxf6 10. Qd2 O-O 11. Qe3 Rd8 12. Rd1 e5 13. d5 Nd4 14. Nxd4
exd4 15. Qxd4 Re8+ 16. Be2 Qg6 17. Kf1 Bf5 18. Rd2 Rxe2 19. Kxe2 Qxg2 20. Rdd1
Re8+ 21. Kd2 Re4 22. Qxa7 Rxc4 23. Rc1 Qxd5+ 24. Ke2 Qd3+ 0-1

[Event "chess.com Junior Speed"]
[Site "chess.com INT"]
[Date "2019.06.11"]
[Round "1.8"]
[White "Esipenko, Andrey"]
[Black "Sarana, Alexey"]
[Result "1-0"]
[WhiteTitle "GM"]
[BlackTitle "GM"]
[WhiteElo "2620"]
[BlackElo "2636"]
[WhiteFideId "24175439"]
[BlackFideId "24133795"]
[EventDate "2019.05.16"]

1. d4 Nf6 2. Nf3 d5 3. Bf4 c5 4. e3 Nc6 5. Nbd2 e6 6. c3 cxd4 7. exd4 Nh5 8. Bg5
f6 9. Be3 Bd6 10. g3 O-O 11. Nb3 g6 12. Bg2 Ng7 13. O-O Nf5 14. Bc1 Bd7 15. Nc5
Bc8 16. Ne1 b6 17. Ncd3 Ba6 18. Nc2 Qd7 19. Re1 Rfe8 20. Ne3 Nxe3 21. Bxe3 Rad8
22. h4 Na5 23. Bh6 Qf7 24. Nf4 Bc7 25. Qa4 Bb7 26. Rad1 Nc4 27. Re2 a6 28. Nh3
Nd6 29. Bf4 Qd7 30. Qc2 Bb8 31. Rde1 a5 32. Bc1 Ba6 33. Rd2 Ne4 34. Rdd1 Bb7 35.
Nf4 Qf7 36. c4 Rc8 37. Qe2 Bxf4 38. Bxf4 e5 39. dxe5 fxe5 40. cxd5 exf4 41. Bxe4
fxg3 42. fxg3 Re5 43. Qf3 Qe8 44. h5 Kg7 45. Qf4 gxh5 46. Rd4 Qe7 47. d6 Qf6 48.
Qxf6+ Kxf6 49. Rf1+ Ke6 50. Bxb7 Rd8 51. d7 Re2 52. a4 Ke7 53. Bc6 h6 54. Bb5
Rg8 55. Rh4 Rxb2 56. Kh1 Kd8 57. Rxh5 Rxg3 58. Rf8+ 1-0

[Event "chess.com Junior Speed"]
[Site "chess.com INT"]
[Date "2019.06.11"]
[Round "1.9"]
[White "Sarana, Alexey"]
[Black "Esipenko, Andrey"]
[Result "1-0"]
[WhiteTitle "GM"]
[BlackTitle "GM"]
[WhiteElo "2636"]
[BlackElo "2620"]
[WhiteFideId "24133795"]
[BlackFideId "24175439"]
[EventDate "2019.05.16"]

1. e4 e5 2. Nf3 Nc6 3. Bb5 a6 4. Ba4 Nf6 5. O-O Be7 6. Re1 b5 7. Bb3 O-O 8. c3
d6 9. h3 Na5 10. Bc2 c5 11. d4 Nd7 12. d5 Nb6 13. Nbd2 Bd7 14. Nf1 Nb7 15. g4 a5
16. Ng3 a4 17. Nf5 Bf6 18. Kh2 g6 19. Ng3 Bg7 20. Qe2 Qc7 21. Rg1 c4 22. Be3 a3
23. b4 cxb3 24. axb3 Nc5 25. Ra2 Bf6 26. Rga1 Rfb8 27. Rxa3 Rxa3 28. Rxa3 Be7
29. Ra1 Be8 30. Ne1 Nbd7 31. Qd2 Qb7 32. b4 Na4 33. Bxa4 bxa4 34. Rxa4 Nb6 35.
Ra2 Nc4 36. Qc1 Rc8 37. Ra7 Qb5 38. Rxe7 Bd7 39. Bh6 1-0

[Event "chess.com Junior Speed"]
[Site "chess.com INT"]
[Date "2019.06.11"]
[Round "1.10"]
[White "Esipenko, Andrey"]
[Black "Sarana, Alexey"]
[Result "0-1"]
[WhiteTitle "GM"]
[BlackTitle "GM"]
[WhiteElo "2620"]
[BlackElo "2636"]
[WhiteFideId "24175439"]
[BlackFideId "24133795"]
[EventDate "2019.05.16"]

1. d4 Nf6 2. Bf4 e6 3. e3 c5 4. c3 Qb6 5. Qb3 d5 6. Nd2 Be7 7. h3 O-O 8. Ngf3
Nc6 9. Be2 Bd7 10. O-O Rfc8 11. Ne5 Nxe5 12. Bxe5 Ne8 13. Nf3 Nd6 14. Bh2 Bf8
15. Ne5 Bb5 16. Qd1 Qa6 17. Re1 Bxe2 18. Rxe2 Be7 19. Nd3 b6 20. Re1 Qb5 21. Qe2
a5 22. a4 Qe8 23. Red1 c4 24. Ne5 b5 25. axb5 Qxb5 26. Nf3 Ne4 27. Qc2 a4 28.
Nd2 Nxd2 29. Rxd2 Qb3 30. e4 Qxc2 31. Rxc2 dxe4 32. Re2 a3 33. bxa3 Rxa3 34.
Rxa3 Bxa3 35. Rxe4 Bb2 36. Re3 Ra8 37. Bd6 Ra1+ 38. Kh2 Rc1 39. Bb4 h6 40. Kg3
Rc2 41. Kf3 g5 42. Re2 Rxe2 43. Kxe2 Bc1 44. Kf3 f5 45. g4 Kf7 46. Ke2 Bf4 47.
f3 Kf6 48. Bf8 Kg6 49. Bc5 h5 50. Bb4 Bc7 51. Bc5 Ba5 52. Bb4 Bb6 53. Bd6 Bd8
54. Bb4 Bc7 55. Bc5 h4 56. Bb4 Bf4 57. Bc5 Kf7 58. Bb4 Ke8 59. Kd1 Kd7 60. Kc2
Kc6 61. Be7 Kd5 62. Kd1 fxg4 63. fxg4 Ke4 64. Ke2 Bc1 65. Bd8 Kf4 66. Bc7+ Ke4
67. Bd8 Bf4 68. Be7 Kd5 69. Bd8 Kc6 70. Kd1 Kd6 71. Ke2 Kd5 72. Kf3 Kc6 73. Be7
Kb5 74. Ke4 Ka4 75. d5 exd5+ 76. Kxd5 Kb3 77. Bf6 Bd2 78. Ke4 Kc2 79. Kf5 Kd3
80. Bxg5 Bxc3 81. Bxh4 Bd4 82. Bg5 c3 83. Bc1 Be3 84. Ba3 Kc4 85. g5 Kb3 86. g6
Bh6 0-1

[Event "chess.com Junior Speed"]
[Site "chess.com INT"]
[Date "2019.06.11"]
[Round "1.11"]
[White "Sarana, Alexey"]
[Black "Esipenko, Andrey"]
[Result "1-0"]
[WhiteTitle "GM"]
[BlackTitle "GM"]
[WhiteElo "2636"]
[BlackElo "2620"]
[WhiteFideId "24133795"]
[BlackFideId "24175439"]
[EventDate "2019.05.16"]

1. d4 Nf6 2. Nf3 d5 3. c4 e6 4. g3 Bb4+ 5. Nbd2 O-O 6. Bg2 b6 7. O-O Bb7 8. cxd5
exd5 9. Qb3 Bd6 10. Nb1 Nbd7 11. Nc3 a6 12. Bf4 Qe7 13. Rac1 Rfe8 14. e3 Nf8 15.
Rfd1 Ne6 16. Be5 Rad8 17. Bxd6 Qxd6 18. Ne1 h5 19. Nd3 h4 20. Ne2 g6 21. Nef4
Nxf4 22. Nxf4 Kg7 23. Rc2 Re7 24. Rdc1 hxg3 25. hxg3 Rh8 26. Qa3 Qd8 27. Bf3 g5
28. Nd3 Ne8 29. Nb4 Qd6 30. Qb3 Nf6 31. Nc6 Ne4 32. Nxe7 1-0

[Event "chess.com Junior Speed"]
[Site "chess.com INT"]
[Date "2019.06.11"]
[Round "1.12"]
[White "Esipenko, Andrey"]
[Black "Sarana, Alexey"]
[Result "0-1"]
[WhiteTitle "GM"]
[BlackTitle "GM"]
[WhiteElo "2620"]
[BlackElo "2636"]
[WhiteFideId "24175439"]
[BlackFideId "24133795"]
[EventDate "2019.05.16"]

1. d4 Nf6 2. Nf3 g6 3. c4 Bg7 4. e3 O-O 5. Be2 d5 6. cxd5 Nxd5 7. e4 Nb6 8. a4
a5 9. O-O Bg4 10. Nbd2 Nc6 11. d5 Nb4 12. h3 Bd7 13. Nc4 c6 14. Nxb6 Qxb6 15.
Be3 Qd8 16. Qb3 cxd5 17. exd5 Bf5 18. Nd4 Be4 19. Bf3 Bxd5 20. Bxd5 Qxd5 21.
Rac1 Rac8 22. Rfd1 e6 23. Rc3 Rfd8 24. Rdc1 Qxb3 0-1

[Event "chess.com Junior Speed"]
[Site "chess.com INT"]
[Date "2019.06.11"]
[Round "1.13"]
[White "Sarana, Alexey"]
[Black "Esipenko, Andrey"]
[Result "1-0"]
[WhiteTitle "GM"]
[BlackTitle "GM"]
[WhiteElo "2636"]
[BlackElo "2620"]
[WhiteFideId "24133795"]
[BlackFideId "24175439"]
[EventDate "2019.05.16"]

1. d4 Nf6 2. c4 e6 3. Nf3 d5 4. g3 Be7 5. Bg2 O-O 6. O-O dxc4 7. Qc2 b6 8. Qxc4
Bb7 9. Nc3 c5 10. Rd1 Qc8 11. Bf4 cxd4 12. Qxc8 Rxc8 13. Nxd4 Bxg2 14. Kxg2 a6
15. Nb3 Nbd7 16. Bd6 Kf8 17. e4 Bxd6 18. Rxd6 Ke7 19. Rad1 Rab8 20. f4 Rc7 21.
e5 Ng4 22. R6d3 h5 23. h3 Nh6 24. Nd4 Nc5 25. R3d2 b5 26. b4 Nd7 27. Nc6+ Rxc6
28. Rxd7+ Ke8 29. Ne4 Nf5 30. Kf3 Rbc8 31. g4 hxg4+ 32. hxg4 Ne7 33. Ra7 Nd5 34.
Nd6+ Rxd6 35. exd6 Rc3+ 36. Kf2 Rc2+ 37. Kf3 Rc3+ 38. Ke4 Rc4+ 39. Rd4 Rc1 40.
Rxd5 Re1+ 41. Kd4 Rd1+ 42. Kc5 Rc1+ 43. Kb6 exd5 44. Kxa6 Kd8 45. Kxb5 d4 46.
Ra3 Rc3 47. Ra8+ Kd7 48. Ra7+ Kxd6 49. Ra8 Kd7 50. Rh8 d3 51. Rh1 d2 52. Rd1 Rc2
53. a4 Kc7 54. a5 Kb7 55. Ka4 Rc4 56. Rxd2 Rxf4 57. Kb5 Rxg4 58. Rd7+ 1-0

[Event "chess.com Junior Speed"]
[Site "chess.com INT"]
[Date "2019.06.11"]
[Round "1.14"]
[White "Esipenko, Andrey"]
[Black "Sarana, Alexey"]
[Result "1-0"]
[WhiteTitle "GM"]
[BlackTitle "GM"]
[WhiteElo "2620"]
[BlackElo "2636"]
[WhiteFideId "24175439"]
[BlackFideId "24133795"]
[EventDate "2019.05.16"]

1. b3 Nf6 2. Bb2 d5 3. Nf3 e6 4. e3 Be7 5. d4 O-O 6. Bd3 c5 7. dxc5 Nc6 8. a3
Bxc5 9. O-O a6 10. Nbd2 b5 11. e4 Bb7 12. Qe2 Qe7 13. b4 Ba7 14. Rae1 Rad8 15.
exd5 Nxd5 16. g3 Nf6 17. Ne4 Nd4 18. Nxd4 Bxd4 19. c3 Bxe4 20. Bxe4 Nxe4 21.
cxd4 Nf6 22. Rc1 Nd5 23. Rc5 g6 24. Rfc1 Rd6 25. Qe5 Rfd8 26. R1c2 Qf6 27. Bc1
Qf3 28. Rc8 h6 29. Qxd6 1-0

[Event "chess.com Junior Speed"]
[Site "chess.com INT"]
[Date "2019.06.11"]
[Round "1.15"]
[White "Sarana, Alexey"]
[Black "Esipenko, Andrey"]
[Result "0-1"]
[WhiteTitle "GM"]
[BlackTitle "GM"]
[WhiteElo "2636"]
[BlackElo "2620"]
[WhiteFideId "24133795"]
[BlackFideId "24175439"]
[EventDate "2019.05.16"]

1. d4 Nf6 2. Nf3 e6 3. c4 d5 4. g3 Be7 5. Bg2 O-O 6. O-O dxc4 7. Qa4 a6 8. Qxc4
b5 9. Qc2 Bb7 10. Bd2 Qc8 11. Rc1 Bd6 12. Bf4 Nbd7 13. Nc3 Bxf4 14. gxf4 c5 15.
e3 cxd4 16. Nxd4 Bxg2 17. Kxg2 Qb7+ 18. Nf3 Rac8 19. Qe2 e5 20. fxe5 Nxe5 21. e4
Ng6 22. Qe3 b4 23. Nd5 Nxd5 24. exd5 Qxd5 25. Rxc8 Rxc8 26. Re1 Qxa2 27. b3 h6
28. Nd4 Qa5 29. Qe4 Qg5+ 30. Kh1 a5 31. Nf5 Qf6 32. Rg1 Kh8 33. Rd1 Rd8 34. Re1
Qc3 35. Re3 Qc1+ 36. Kg2 Qc7 37. h4 Nf4+ 38. Kf3 Ne6 39. Kg2 Qf4 40. Qc2 Nd4 41.
Nxd4 Qxd4 42. Qc7 Qd5+ 43. Rf3 Rd7 44. Qf4 h5 45. Kg1 Kh7 46. Re3 Rd6 47. Kh2
Rg6 48. Qe4 Qd6+ 49. Qe5 Qd1 50. Rg3 Rxg3 51. fxg3 Qxb3 52. Qxh5+ Kg8 53. Qxa5
Qc2+ 54. Kh3 b3 55. Qa4 Qf5+ 56. Kh2 b2 57. g4 Qe5+ 0-1

[Event "chess.com Junior Speed"]
[Site "chess.com INT"]
[Date "2019.06.11"]
[Round "1.16"]
[White "Esipenko, Andrey"]
[Black "Sarana, Alexey"]
[Result "1/2-1/2"]
[WhiteTitle "GM"]
[BlackTitle "GM"]
[WhiteElo "2620"]
[BlackElo "2636"]
[WhiteFideId "24175439"]
[BlackFideId "24133795"]
[EventDate "2019.05.16"]

1. d4 Nf6 2. c4 e6 3. Nf3 d5 4. Nc3 Bb4 5. Qa4+ Nc6 6. e3 O-O 7. Qc2 b6 8. Bd2
Bd6 9. cxd5 Nb4 10. Qb3 Nbxd5 11. Be2 Bb7 12. O-O c5 13. dxc5 Bxc5 14. Rfd1 Qe7
15. Rac1 Rfd8 16. Nxd5 Bxd5 17. Bc4 Bxf3 18. gxf3 Bd6 19. Bf1 Nd5 20. f4 g5 21.
fxg5 Qxg5+ 22. Bg2 Nf6 23. h3 Rac8 24. Be1 Rxc1 25. Rxc1 Bc5 26. Qc4 a5 27. a3
Kh8 28. Kf1 Rg8 29. Bf3 Qf5 30. Ke2 Rg1 31. Bd2 Rxc1 32. Qxc1 Qxh3 33. b4 axb4
34. axb4 Bf8 35. Qc6 Nd5 36. Bxd5 exd5 37. Qf6+ Kg8 38. Qg5+ Bg7 39. Bc3 Qh6 40.
Qd8+ Bf8 41. Qxd5 Qg6 42. Qd4 Qg7 43. Qc4 Qg6 44. Qd4 Bg7 45. Qd8+ Bf8 46. Qd4 1/2-1/2

[Event "chess.com Junior Speed"]
[Site "chess.com INT"]
[Date "2019.06.11"]
[Round "1.17"]
[White "Sarana, Alexey"]
[Black "Esipenko, Andrey"]
[Result "1-0"]
[WhiteTitle "GM"]
[BlackTitle "GM"]
[WhiteElo "2636"]
[BlackElo "2620"]
[WhiteFideId "24133795"]
[BlackFideId "24175439"]
[EventDate "2019.05.16"]

1. d4 Nf6 2. c4 b6 3. Nf3 Bb7 4. g3 g6 5. Bg2 Bg7 6. O-O e6 7. d5 exd5 8. Nh4 c6
9. cxd5 Nxd5 10. e4 Nc7 11. Nc3 O-O 12. Bf4 Re8 13. Qg4 Ne6 14. Bd6 c5 15. Rad1
Nd4 16. f4 Nbc6 17. e5 Na5 18. f5 Bxg2 19. Kxg2 Nc4 20. Rde1 Bxe5 21. fxg6 fxg6
22. Nxg6 Nxd6 23. Rxe5 Rxe5 24. Nxe5+ Kh8 25. Ne4 N4b5 26. Nxd6 Nxd6 27. Nf7+
Nxf7 28. Rxf7 Qg8 29. Qf3 1-0

[Event "chess.com Junior Speed"]
[Site "chess.com INT"]
[Date "2019.06.11"]
[Round "1.18"]
[White "Esipenko, Andrey"]
[Black "Sarana, Alexey"]
[Result "0-1"]
[WhiteTitle "GM"]
[BlackTitle "GM"]
[WhiteElo "2620"]
[BlackElo "2636"]
[WhiteFideId "24175439"]
[BlackFideId "24133795"]
[EventDate "2019.05.16"]

1. d4 Nf6 2. Bf4 e6 3. e3 c5 4. c3 Nc6 5. Nd2 d5 6. Ngf3 Bd6 7. Bg3 O-O 8. Bd3
Qe7 9. Ne5 Nd7 10. f4 f6 11. Nxd7 Bxd7 12. O-O Rae8 13. Kh1 Qd8 14. Bh4 Qc7 15.
Qh5 f5 16. Qf3 b5 17. g4 Kh8 18. Rg1 b4 19. Qg2 Rf7 20. Nf3 bxc3 21. bxc3 h6 22.
Ne5 Nxe5 23. fxe5 Be7 24. Bxe7 Rexe7 25. g5 cxd4 26. cxd4 Qc3 27. Qe2 hxg5 28.
Rxg5 Kg8 29. Rag1 a6 30. Rh5 g6 31. Rxg6+ Rg7 32. Rhg5 Rxg6 33. Rxg6+ Rg7 34.
Rxg7+ Kxg7 35. h4 a5 36. Kh2 Be8 37. Kg3 Kh6 38. Kf4 Bh5 39. Qc2 Qe1 40. Qh2 Qd1
41. Qg3 Bg4 42. Bb5 Qc2 43. a4 Qe4# 0-1

[Event "chess.com Junior Speed"]
[Site "chess.com INT"]
[Date "2019.06.11"]
[Round "1.20"]
[White "Esipenko, Andrey"]
[Black "Sarana, Alexey"]
[Result "1-0"]
[WhiteTitle "GM"]
[BlackTitle "GM"]
[WhiteElo "2620"]
[BlackElo "2636"]
[WhiteFideId "24175439"]
[BlackFideId "24133795"]
[EventDate "2019.05.16"]

1. b3 Nf6 2. Bb2 g6 3. Nf3 Bg7 4. e3 O-O 5. Be2 d5 6. O-O c5 7. d4 cxd4 8. Nxd4
Nc6 9. Nxc6 bxc6 10. c4 Ba6 11. Nd2 Qa5 12. Qc2 Rfd8 13. Nf3 Rac8 14. Rfd1 Qb4
15. Bc3 Qb7 16. Ne5 e6 17. Rac1 Ne4 18. Bb2 Nd6 19. Nd3 Bxb2 20. Qxb2 Ne4 21.
Ne5 Qe7 22. cxd5 Bxe2 23. Qxe2 Rxd5 24. Nxc6 Rxc6 25. Rxc6 Qd7 26. Rxd5 Qxc6 27.
Rd8+ Kg7 28. Rd1 Nc3 29. Qb2 e5 30. Re1 f6 31. Qd2 Ne4 32. Qd3 Nd6 33. Qb1 Ne4
34. h3 f5 35. Qb2 Qb5 36. Rc1 Kh6 37. Kh2 Qd5 38. Qc2 Qa5 39. f3 Ng5 40. h4 Nf7
41. Qc7 Qd2 42. Rc4 Kg7 43. Qxa7 Qf2 44. h5 f4 45. h6+ Kxh6 46. Rc1 Ng5 47. Qb7
fxe3 48. Qa8 Kh5 49. Kh1 e2 50. Qa5 Nxf3 51. gxf3 Qxf3+ 52. Kh2 Qf4+ 53. Kh3
Qe3+ 54. Kh2 Kg4 55. Qb4+ e4 56. Rg1+ Kh5 57. Qb5+ g5 58. Qf5 Qf4+ 59. Qxf4 gxf4
60. Kg2 f3+ 61. Kf2 Kh4 62. b4 Kh3 63. b5 Kh2 64. Re1 e3+ 65. Kxf3 1-0

[Event "chess.com Junior Speed"]
[Site "chess.com INT"]
[Date "2019.06.11"]
[Round "1.21"]
[White "Sarana, Alexey"]
[Black "Esipenko, Andrey"]
[Result "1-0"]
[WhiteTitle "GM"]
[BlackTitle "GM"]
[WhiteElo "2636"]
[BlackElo "2620"]
[WhiteFideId "24133795"]
[BlackFideId "24175439"]
[EventDate "2019.05.16"]

1. d4 c6 2. c4 d5 3. Nf3 dxc4 4. e3 b5 5. a4 Nf6 6. axb5 cxb5 7. b3 e6 8. bxc4
bxc4 9. Bxc4 Bb4+ 10. Bd2 Bxd2+ 11. Nbxd2 O-O 12. O-O Nbd7 13. Nb3 a5 14. Bb5
Ba6 15. Bxa6 Rxa6 16. Qd3 Qa8 17. Ra4 Nb6 18. Ra3 Nfd7 19. Rfa1 a4 20. Nc5 Nxc5
21. dxc5 Nd5 22. Nd4 Rc8 23. Qc4 Qb7 24. c6 Qb6 25. Rxa4 Rxa4 26. Qxa4 h6 27.
Qa6 Qxa6 28. Rxa6 Nb4 29. Rb6 Nd5 30. Rb5 Kf8 31. h4 Ke7 32. Rc5 Kd6 33. Rc1 Nc7
34. g3 g6 35. Rd1 Ke7 36. Nb3 Rb8 37. Rd7+ Ke8 38. Nc5 Nd5 39. Ne4 Kf8 40. Nd6
Rb6 41. c7 Nxc7 42. Nxf7 Nd5 43. Nxh6 Rb2 44. Ng4 Nc3 45. Kg2 Ne4 46. Rd4 Nc3
47. Ne5 Kg7 48. Rd7+ Kf6 49. Ng4+ Kf5 50. Kf3 e5 51. Rf7+ Ke6 52. Rf6+ Kd5 53.
Rxg6 Nd1 54. e4+ Kc5 55. h5 Rb3+ 56. Kg2 Rb4 57. h6 Rxe4 58. h7 1-0

[Event "chess.com Junior Speed"]
[Site "chess.com INT"]
[Date "2019.06.11"]
[Round "1.22"]
[White "Esipenko, Andrey"]
[Black "Sarana, Alexey"]
[Result "0-1"]
[WhiteTitle "GM"]
[BlackTitle "GM"]
[WhiteElo "2620"]
[BlackElo "2636"]
[WhiteFideId "24175439"]
[BlackFideId "24133795"]
[EventDate "2019.05.16"]

1. e4 c5 2. Nf3 d6 3. Bb5+ Nd7 4. O-O a6 5. Bd3 Ngf6 6. Re1 e6 7. a4 Qc7 8. a5
b5 9. axb6 Nxb6 10. c3 Bb7 11. Na3 c4 12. Bc2 Be7 13. Qe2 O-O 14. e5 dxe5 15.
Nxe5 Bd6 16. Naxc4 Nxc4 17. Nxc4 Bxh2+ 18. Kf1 Bf4 19. Ne3 Qe5 20. d4 Qg5 21. g3
Qh6 22. Qd1 Qh1+ 23. Ke2 Bf3+ 24. Kd2 Bxe3+ 25. Kxe3 Nd5+ 26. Kd2 Qh6+ 0-1

[Event "chess.com Junior Speed"]
[Site "chess.com INT"]
[Date "2019.06.11"]
[Round "1.23"]
[White "Sarana, Alexey"]
[Black "Esipenko, Andrey"]
[Result "0-1"]
[WhiteTitle "GM"]
[BlackTitle "GM"]
[WhiteElo "2636"]
[BlackElo "2620"]
[WhiteFideId "24133795"]
[BlackFideId "24175439"]
[EventDate "2019.05.16"]

1. d4 Nf6 2. c4 g6 3. Nc3 d5 4. cxd5 Nxd5 5. e4 Nxc3 6. bxc3 Bg7 7. Nf3 O-O 8.
Rb1 b6 9. Bc4 Bb7 10. Qe2 e6 11. O-O Nd7 12. Bg5 Qc8 13. Rfd1 c5 14. Rbc1 Qc7
15. h3 Rfe8 16. Qe3 Nf6 17. Bf4 Qe7 18. Bd3 Rad8 19. Ne5 Nd7 20. Nf3 e5 21. dxe5
Nxe5 22. Nxe5 Bxe5 23. Bxe5 Qxe5 24. f3 f5 25. Bc4+ Kg7 26. Rxd8 Rxd8 27. Qg5
Qf6 28. Qf4 Qd6 29. Qxd6 Rxd6 30. e5 Rd2 31. Re1 Kf8 32. Re2 Rd1+ 33. Kf2 Ke7
34. f4 Be4 35. g4 Rc1 36. Re3 Rc2+ 37. Kg3 h6 38. Kh4 Rf2 39. Kg3 Rg2+ 40. Kh4
Rg1 41. gxf5 gxf5 42. Bd3 Bxd3 43. Rxd3 Rf1 44. Kg3 Rg1+ 45. Kh4 Rf1 46. Kg3 Rc1
47. a3 c4 48. Rf3 Ra1 49. Kh4 Rxa3 50. Kh5 b5 51. Rg3 b4 52. Rg7+ Kf8 53. Rc7
Rxc3 54. Kg6 b3 55. Rb7 Ke8 56. e6 Re3 57. Kf6 Kd8 58. e7+ Kc8 59. Rb4 Kd7 60.
Rxc4 Re6+ 61. Kxf5 Rb6 62. Rc7+ Ke8 63. Rc1 b2 64. Rb1 a5 65. Ke4 a4 66. Kd3 a3
67. Kc2 a2 68. Rxb2 Rc6+ 0-1

[Event "chess.com Junior Speed"]
[Site "chess.com INT"]
[Date "2019.06.11"]
[Round "1.24"]
[White "Esipenko, Andrey"]
[Black "Sarana, Alexey"]
[Result "0-1"]
[WhiteTitle "GM"]
[BlackTitle "GM"]
[WhiteElo "2620"]
[BlackElo "2636"]
[WhiteFideId "24175439"]
[BlackFideId "24133795"]
[EventDate "2019.05.16"]

1. e4 c5 2. Nf3 d6 3. d4 cxd4 4. Nxd4 Nf6 5. Nc3 a6 6. Nb3 Nbd7 7. a4 g6 8. a5
Bg7 9. Be3 O-O 10. Be2 b5 11. axb6 Nxb6 12. O-O Qc7 13. f3 Nc4 14. Bxc4 Qxc4 15.
Na5 Qc7 16. Qd2 Be6 17. Ne2 Rfc8 18. b3 Qxc2 19. Qxc2 Rxc2 20. Nd4 Rc3 21. Nxe6
fxe6 22. Bd4 Rd3 23. Nc6 Kf7 24. Rfd1 Rxb3 25. e5 Ne8 26. exd6 exd6 27. Rac1
Bxd4+ 28. Nxd4 Rb7 29. Re1 e5 30. Nc6 Rc7 31. Nb4 Rxc1 32. Rxc1 a5 33. Nd5 a4
34. Ra1 a3 35. Ra2 Ke6 36. Nb6 Rb8 37. Nc4 d5 38. Nxa3 Ra8 39. Ra1 d4 40. Kf2
Nd6 41. Nc2 Rxa1 42. Nxa1 Kd5 43. Nb3 Kc4 44. Na5+ Kc3 45. Nc6 d3 46. Ke1 d2+
47. Kd1 Nc4 0-1

[Event "chess.com Junior Speed"]
[Site "chess.com INT"]
[Date "2019.06.11"]
[Round "1.25"]
[White "Sarana, Alexey"]
[Black "Esipenko, Andrey"]
[Result "0-1"]
[WhiteTitle "GM"]
[BlackTitle "GM"]
[WhiteElo "2636"]
[BlackElo "2620"]
[WhiteFideId "24133795"]
[BlackFideId "24175439"]
[EventDate "2019.05.16"]

1. d4 g6 2. c4 Bg7 3. Nc3 d6 4. e4 Nc6 5. Be3 e5 6. d5 Nd4 7. Nge2 Nxe2 8. Bxe2
Bh6 9. Qd2 Bxe3 10. Qxe3 Nf6 11. O-O O-O 12. f4 exf4 13. Qxf4 Nd7 14. h4 Ne5 15.
h5 g5 16. Qe3 h6 17. Nd1 f5 18. exf5 Bxf5 19. Qd4 Qe7 20. Ne3 Bd7 21. Rae1 b6
22. Bd1 Rxf1+ 23. Rxf1 Rf8 24. Rxf8+ Qxf8 25. Qe4 Qf4 26. Bc2 Qxe4 27. Bxe4 Kg7
28. Kf2 Kf6 29. Kg3 Be8 30. Nf5 Bxh5 31. Nxh6 Nxc4 32. b3 Ne5 33. Nf5 Bg6 34.
Nxd6 cxd6 0-1

[Event "chess.com Junior Speed"]
[Site "chess.com INT"]
[Date "2019.06.11"]
[Round "1.26"]
[White "Esipenko, Andrey"]
[Black "Sarana, Alexey"]
[Result "1-0"]
[WhiteTitle "GM"]
[BlackTitle "GM"]
[WhiteElo "2620"]
[BlackElo "2636"]
[WhiteFideId "24175439"]
[BlackFideId "24133795"]
[EventDate "2019.05.16"]

1. d4 Nf6 2. Nc3 d5 3. Bf4 e6 4. e3 Bb4 5. Ne2 O-O 6. a3 Be7 7. Qd2 c5 8. dxc5
Bxc5 9. Nd4 Nc6 10. Nxc6 bxc6 11. Bd3 Qe7 12. Bg5 h6 13. Bh4 e5 14. e4 Be6 15.
O-O Rad8 16. Qe2 d4 17. Nb1 g5 18. Bg3 Bg4 19. f3 Be6 20. Bxe5 Nh5 21. Nd2 Bc8
22. Bg3 Nxg3 23. hxg3 Bd6 24. f4 Bc7 25. e5 f5 26. Qh5 Kg7 27. Nf3 g4 28. Nd2
Qf7 29. Qxf7+ Rxf7 30. b4 Be6 31. Bc4 Re7 32. Bxe6 Rxe6 33. Nc4 Kf7 34. Rfd1 h5
35. Kf2 c5 36. b5 a6 37. a4 Rb8 38. Rdb1 Rh6 39. Ke2 Ke7 40. Rb3 Ke6 41. bxa6
Rxb3 42. cxb3 Kd5 43. Rh1 Ke4 44. Nd2+ Kd5 45. Kd3 Rxa6 46. Rxh5 Ra8 47. Rxf5
Rb8 48. e6+ Kxe6 49. Rxc5 Bd6 50. Rg5 Be7 51. Re5+ Kf7 52. a5 Bf6 53. Rc5 Re8
54. Ne4 Be7 55. Rf5+ Kg7 56. Re5 Kf7 57. a6 Rb8 58. Nd2 Bb4 59. Nc4 Ra8 60. Rb5
Be1 61. Rb6 Bxg3 62. Ne5+ Kg7 63. Ke4 d3 64. Nxd3 Bh2 65. Kf5 Bg1 66. Rc6 Rb8
67. b4 Rb5+ 68. Kxg4 1-0

[Event "chess.com Junior Speed"]
[Site "chess.com INT"]
[Date "2019.06.11"]
[Round "1.27"]
[White "Sarana, Alexey"]
[Black "Esipenko, Andrey"]
[Result "1/2-1/2"]
[WhiteTitle "GM"]
[BlackTitle "GM"]
[WhiteElo "2636"]
[BlackElo "2620"]
[WhiteFideId "24133795"]
[BlackFideId "24175439"]
[EventDate "2019.05.16"]

1. d4 Nf6 2. c4 e6 3. Nf3 d5 4. Nc3 dxc4 5. e4 Bb4 6. Bg5 h6 7. Bxf6 Qxf6 8.
Bxc4 c5 9. O-O cxd4 10. e5 Qd8 11. Ne4 O-O 12. Qe2 Be7 13. Rad1 Nc6 14. Bb5 Qb6
15. Bxc6 bxc6 16. Nxd4 Ba6 17. Qg4 Bxf1 18. Kxf1 Rad8 19. Nf6+ Kh8 20. Nh5 g6
21. Ng3 c5 22. Nb3 Rxd1+ 23. Qxd1 c4 24. Nd2 Rd8 25. Qc2 Qd4 26. Nxc4 h5 27. Ne2
Qd5 28. Nf4 Qd4 29. g3 Kg7 30. h4 Qc5 31. b3 Qc6 32. Kg1 Qf3 33. Ne3 Bb4 34.
Nxe6+ fxe6 35. Qc7+ Qf7 36. Qxd8 Be1 37. Nd1 Qf3 38. Kf1 Bb4 39. Qf6+ Qxf6 40.
exf6+ Kxf6 41. Nb2 Kf5 42. f3 Bd6 43. Kf2 Bc7 44. Nd3 e5 45. Kg2 e4 46. Nc5 e3
47. Ne4 Ke5 48. Kf1 Kd4 49. Ke2 a5 50. a3 Bb8 51. b4 a4 52. b5 Bc7 53. Nf6 Bxg3
54. b6 Kc5 55. b7 Kc6 56. Ne4 Bf4 57. Nc3 Kxb7 58. Nxa4 Kc6 59. Nc3 Bg3 60. Kxe3
Bxh4 61. Ne4 Be7 62. Kf4 Kb5 63. Ke5 h4 64. Nf2 Bxa3 65. Kf6 Kc4 66. Kxg6 Kd4
67. Kh5 Ke3 68. Nh3 Kxf3 69. Kxh4 1/2-1/2